Get the Picture: Kokomo Quiz Stats

 Plays Quiz Updated Aug 3, 2019

Score 0/16 Timer 04:00
1 Play Today
Question Answer Wrong Answers
Capital
Kingston
Jamaica
89.5%
Aruba
2.4%
Bermuda
1.1%
Bahamas
1.2%
Flag Jamaica
86.4%
Aruba
3.4%
Bermuda
2.1%
Bahamas
2.7%
Capital
Nassau
Bahamas
84.2%
Aruba
3.4%
Jamaica
2.6%
Bermuda
3.4%
Capital
Oranjestad
Aruba
79.6%
Jamaica
2.2%
Bermuda
9%
Bahamas
2.9%
Population
2,991,000
Jamaica
71.8%
Aruba
6.1%
Bermuda
5.3%
Bahamas
10.1%
Capital
Hamilton
Bermuda
69.1%
Aruba
14.5%
Jamaica
3.4%
Bahamas
6.9%
Flag Aruba
68%
Jamaica
4%
Bermuda
13.3%
Bahamas
7.9%
Flag Bermuda
60.8%
Aruba
14.9%
Jamaica
5.3%
Bahamas
13.5%
Flag Bahamas
55%
Aruba
16.5%
Jamaica
8.6%
Bermuda
13.5%
Land Area
10,992 km²
Jamaica
50.1%
Aruba
13.9%
Bermuda
12.1%
Bahamas
17.6%
Population
115,000
Aruba
49.1%
Jamaica
9.7%
Bermuda
21.8%
Bahamas
13.1%
Land Area
178.9 km²
Aruba
46.5%
Jamaica
16.9%
Bermuda
19.4%
Bahamas
11%
Population
71,000
Bermuda
45.7%
Aruba
29.8%
Jamaica
6.2%
Bahamas
12%
Land Area
53.2 km²
Bermuda
44.1%
Aruba
32.3%
Jamaica
8.4%
Bahamas
9.4%
Land Area
13,878 km²
Bahamas
40%
Aruba
13.3%
Jamaica
28.5%
Bermuda
11.3%
Population
330,000
Bahamas
39.8%
Aruba
20.7%
Jamaica
15.1%
Bermuda
17.8%

Today's Daily Dose

Word Ladder
Lean on Me

Get the Picture
Superhero by Villain

You're not logged in!

Compare scores with friends on all Sporcle quizzes.
OR
Log In

Sporcle TV

Today on Sporcle TV


Watch our educational content, quiz creation guides, and fun videos on Sporcle TV.

Show Comments

Extras

Top Quizzes Today


Score Distribution

Your Account Isn't Verified!

In order to create a playlist on Sporcle, you need to verify the email address you used during registration. Go to your Sporcle Settings to finish the process.

Report this User

Report this user for behavior that violates our Community Guidelines.

Details: